| 000 | 00672cam a22002051 4500 | ||
|---|---|---|---|
| 001 | gs 20000419 | ||
| 003 | DLC | ||
| 005 | 20260227111325.0 | ||
| 008 | 730124s1920 xx 000 0 eng | ||
| 010 | _ags 20000419 | ||
| 035 | _a(OCoLC)545232 | ||
| 040 |
_aDLC _cODaWU _dOCoLC _dDLC |
||
| 050 | 0 | 0 |
_aQE75 _b.I5 |
| 100 | 1 |
_aRidgway, John L. _q(John Livesy), _d1859- |
|
| 245 | 1 | 4 |
_aThe preparation of illustrations for reports of the United States Geological survey, _bwith brief descriptions of processes of reproduction. |
| 260 |
_aWashington, _bGovt. print. off., _c1920. |
||
| 300 | _a101 p. | ||
| 650 | 0 | _aIllustration of books. | |
| 710 | 2 | _aGeological Survey (U.S.) | |
| 999 |
_c26046 _d26046 |
||